FINANCIAL ACCOUNTING :A MANAGERIAL PERSPECTIVE (Record no. 9167)

MARC details
000 -LEADER
fixed length control field 00631nam a22001697a 4500
003 - CONTROL NUMBER IDENTIFIER
control field SGT
020 ## - INTERNATIONAL STANDARD BOOK NUMBER
International Standard Book Number 9788120349490
082 ## - DEWEY DECIMAL CLASSIFICATION NUMBER
Classification number 657, NAR
100 ## - MAIN ENTRY--PERSONAL NAME
Personal name NARAYANASWAMY R.
245 ## - TITLE STATEMENT
Title FINANCIAL ACCOUNTING :A MANAGERIAL PERSPECTIVE
250 ## - EDITION STATEMENT
Edition statement 5TH
260 ## - PUBLICATION, DISTRIBUTION, ETC. (IMPRINT)
Place of publication, distribution, etc NEW DELHI
Name of publisher, distributor, etc PHI
Year of Publication 2015
300 ## - PAGE DESCRIPTION
No. of Pages 650
650 ## - SUBJECT ADDED ENTRY--TOPICAL TERM
Topical term or geographic name as entry element ACCOUNTING
653 ## - KEYWORDS--INDEX TERM
Keyword term .Accounting and Economic Decisions, Processing Transactions, Measuring Income, Accounting for Merchandising Transactions, Inventories, Fixed Assets, Investments, Liabilities, Shareholders’ Equity, Financial Statement Analysis, Cash Flow Statement.
942 ## - ADDED ENTRY ELEMENTS (KOHA)
Source of classification or shelving scheme Dewey Decimal Classification
Koha item type FCM Books
942 ## - ADDED ENTRY ELEMENTS (KOHA)
-- 2
Holdings
Withdrawn status Lost status Source of classification or shelving scheme Damaged status Not for loan Home library Current library Shelving location Date acquired Vendor Name Cost, normal purchase price SGTU Bill Number Total Checkouts Full call number Accession No. (Barcode) Date last seen Date last borrowed Bill Date Koha item type
    Dewey Decimal Classification     SGT Science & Social Sciences Library SGT Science & Social Sciences Library Text Book 21/06/2016 KIRTI PRAKASHAN 595.00 SGTU 3241 2 657, NAR CM1289 08/12/2023 14/11/2023 20/01/2015 FCM Books
    Dewey Decimal Classification     SGT Science & Social Sciences Library SGT Science & Social Sciences Library Text Book 21/06/2016 KIRTI PRAKASHAN 595.00 SGTU 3241 1 657, NAR CM1290 27/12/2025 30/08/2025 20/01/2015 FCM Books